00289nam a2200121Ia 4500008004100000041000900041082001700050100002000067245002700087260003700114300000800151650000800159230718s9999 xx 000 0 und d aEng. a658.4bPAP-E aPapadakis, elim 0aErvvisonmental change  aPakistanbCambridge acuityc1996 a240 aLaw